(16, 6) configurations and geometry of Kummer surfaces in P3
Αποθηκεύτηκε σε:
| Κύριος συγγραφέας: | |
|---|---|
| Μορφή: | Βιβλίο |
| Γλώσσα: | English |
| Δημοσίευση: |
Providence, Rhode Island :
American Mathematical Society,
c1994
|
| Σειρά: | Memoirs of the American Mathematical Society ;
; 512 |
| Θέματα: | |
| Ετικέτες: |
Προσθήκη ετικέτας
Δεν υπάρχουν, Καταχωρήστε ετικέτα πρώτοι!
|
MARC
| LEADER | 00000nam a2200000 i 4500 | ||
|---|---|---|---|
| 001 | 1/91688 | ||
| 008 | 991029s1994 eng d | ||
| 020 | |a 0821825747 | ||
| 035 | |l 10053715 | ||
| 040 | |a GR-MY-UA |b gre |e aacr | ||
| 041 | 0 | |a eng | |
| 082 | 0 | |a 516.353 | |
| 100 | 1 | |a Gonzalez-Dorrego, Maria R. |q (Maria del Rosario) |d 1958- | |
| 245 | 1 | 0 | |a (16, 6) configurations and geometry of Kummer surfaces in P3 / |c Maria R. Gonzalez-Dorrego |
| 246 | 3 | 3 | |a [Sixteen, six] configurations and geometry of Kummer Surfaces in P3 |
| 260 | |a Providence, Rhode Island : |b American Mathematical Society, |c c1994 | ||
| 300 | |a vi, 101 σ.; |b εικ.; |c 26 εκ. | ||
| 490 | 1 | |a Memoirs of the American Mathematical Society |v ; 512 | |
| 500 | |a Volume 107, number 512 (first of 4 numbers) | ||
| 504 | |a Includes bibliographical references | ||
| 650 | 0 | 0 | |a Kummer surfaces. |
| 830 | 0 | |a Memoirs of the American Mathematical Society ; |v ; 512 | |
| 852 | |a INST |b SAMOS |e 19991029 |h 516.353 GON |p 005300012378 |q 005300012378 |t BK |y 0 | ||
| 901 | |a BIBL3-1999-3 | ||
| 909 | |a Σ |b 063372 | ||
| 922 | |a 3ΕΛΗ |b 199907 |c ΕΠΕΑΕΚ/ΜΑΘ |d ΠΑΠΑΣΩΤΗΡΙΟΥ | ||
| 970 | |a ΓΕΝΟΥΖΟΥ |b ΧΡΥΣΑΝΘΗ |z 1999/10/29 | ||